| 000 | 00567nam a2200181Ia 4500 | ||
|---|---|---|---|
| 003 | GCL | ||
| 008 | 140319s9999 xx 000 0 ara d | ||
| 040 |
_aGCL / _cGCL |
||
| 082 | 0 | 4 |
_a839.81 _bب و |
| 100 | 1 | _aصوفى عبدالله (ترجمه) | |
| 245 | 1 | 0 |
_aوشجت النجوم / _cصوفى عبدالله (ترجمه) |
| 700 | 1 | _aبيارنهوف، كارل | |
| 300 | _a304 | ||
| 490 |
_aالالف كتاب _v0 |
||
| 650 | 0 | 4 | _aالادب الدانمركى المترجم |
| 650 | 0 | 4 | _aالقصص الدانمركية المترجمة |
| 942 |
_2ddc _cBK |
||
| 999 |
_c43608 _d43608 |
||